[Event "RA CC ch"]
[Site "Ottawa CAN"]
[Date "1997.02.20"]
[Round "7"]
[White "Hergott, Deen"]
[Black "Gordon, David"]
[Result "1-0"]
[WhiteElo "2511"]
[BlackElo "2151"]
[PlyCount "51"]
[EventDate "1997.01.09"]
[EventType "swiss"]
[EventRounds "7"]
[EventCountry "CAN"]

1. d4 Nf6 2. Nf3 d5 3. c4 c6 4. Nc3 e6 5. e3 Nbd7 6. Qc2 Bd6 7. Be2 O-O 8. O-O
Qe7 9. b3 Re8 10. Rd1 a6 11. Bb2 b5 12. e4 Nxe4 13. Nxe4 dxe4 14. Qxe4 Bb7 15.
Bd3 Nf6 16. Qh4 Ba3 17. Bxa3 Qxa3 18. c5 a5 19. g4 h6 20. g5 hxg5 21. Qxg5 Red8
22. Kh1 Rd5 23. Ne5 Kf8 24. Rg1 Ke7 25. Qxg7 Rf8 26. Ng6+ 1-0

[Event "Cornwall op"]
[Site "Cornwall CAN"]
[Date "1996.10.26"]
[Round "1"]
[White "Hergott, Deen"]
[Black "Hum, Peter"]
[Result "1-0"]
[WhiteElo "2445"]
[BlackElo "2185"]
[PlyCount "51"]
[EventDate "1996.10.26"]
[EventType "swiss"]
[EventRounds "5"]
[EventCountry "CAN"]

1. g3 g6 2. Nf3 Bg7 3. Bg2 Nf6 4. O-O O-O 5. d4 d6 6. a4 Nbd7 7. a5 a6 8. Nc3
c5 9. e4 Qc7 10. Re1 cxd4 11. Nxd4 e6 12. Nb3 Ne5 13. f4 Nc4 14. Bf1 b5 15.
axb6 Nxb6 16. Na5 Rd8 17. Be3 Rb8 18. Qe2 Kh8 19. Red1 d5 20. Kh1 dxe4 21.
Rxd8+ Qxd8 22. Nc6 Qc7 23. Nxb8 Qxb8 24. Rd1 Nbd5 25. Bd4 Bb7 26. Bg2 1-0

[Event "Cornwall op"]
[Site "Cornwall CAN"]
[Date "1996.10.26"]
[Round "2"]
[White "Ferguson, Peter"]
[Black "Hergott, Deen"]
[Result "0-1"]
[WhiteElo "2296"]
[BlackElo "2445"]
[PlyCount "46"]
[EventDate "1996.10.26"]
[EventType "swiss"]
[EventRounds "5"]
[EventCountry "CAN"]

1. e4 c5 2. Nf3 g6 3. d4 cxd4 4. Qxd4 Nf6 5. e5 Nc6 6. Qh4 Nxe5 7. Nxe5 Qa5+ 8.
Nc3 Qxe5+ 9. Be2 Bg7 10. Be3 O-O 11. O-O-O d6 12. Bf3 Be6 13. g4 Qa5 14. g5 Nd7
15. Bd4 Ne5 16. Be2 f6 17. Bxe5 Qxe5 18. f4 Qe3+ 19. Kb1 fxg5 20. fxg5 Bxc3 21.
Bc4 d5 22. Rxd5 Bxd5 23. Bxd5+ e6 0-1

[Event "Cornwall op"]
[Site "Cornwall CAN"]
[Date "1996.10.26"]
[Round "3"]
[White "Hergott, Deen"]
[Black "Taylor, Gordon"]
[Result "1-0"]
[WhiteElo "2445"]
[BlackElo "2340"]
[PlyCount "89"]
[EventDate "1996.10.26"]
[EventType "swiss"]
[EventRounds "5"]
[EventCountry "CAN"]

1. Nf3 d5 2. g3 Nf6 3. Bg2 c5 4. O-O Nc6 5. d4 cxd4 6. Nxd4 Qb6 7. Nb3 Bf5 8.
Be3 Qc7 9. Nc3 e6 10. Nb5 Qd7 11. c4 Be7 12. cxd5 Nxd5 13. Bxd5 exd5 14. Qxd5
O-O 15. Qxd7 Bxd7 16. Rfd1 Bf5 17. Rac1 Rfd8 18. Rxd8+ Rxd8 19. Nxa7 Nxa7 20.
Bxa7 Bf6 21. Bb6 Ra8 22. Bd4 Rxa2 23. Bxf6 gxf6 24. Nd4 Bd7 25. b3 Rb2 26. f3
Be6 27. Rc3 Rd2 28. Nxe6 fxe6 29. Rc8+ Kf7 30. Rc7+ Kg6 31. Kf2 Rb2 32. Rxb7 e5
33. Ke3 h5 34. h4 Kf5 35. Rb4 Rb1 36. g4+ hxg4 37. fxg4+ Kg6 38. Rb8 Rg1 39.
h5+ Kh7 40. Rb4 Kg7 41. Kf2 Rb1 42. e3 Kh6 43. Rb7 f5 44. gxf5 Kxh5 45. Kf3 1-0

[Event "Cornwall op"]
[Site "Cornwall CAN"]
[Date "1996.10.27"]
[Round "4"]
[White "Djerkovic, Miladin"]
[Black "Hergott, Deen"]
[Result "1/2-1/2"]
[WhiteElo "2265"]
[BlackElo "2445"]
[PlyCount "65"]
[EventDate "1996.10.26"]
[EventType "swiss"]
[EventRounds "5"]
[EventCountry "CAN"]

1. e4 g6 2. d4 Bg7 3. Nc3 c6 4. Nf3 d5 5. e5 Bg4 6. Be2 e6 7. O-O Ne7 8. Ng5
Bxe2 9. Nxe2 c5 10. f4 cxd4 11. Nxd4 Nbc6 12. Be3 Nxd4 13. Bxd4 Nf5 14. c3 O-O
15. Nf3 f6 16. exf6 Nxd4 17. fxg7 Nxf3+ 18. Qxf3 Qb6+ 19. Kh1 Kxg7 20. Rae1 Rf6
21. Re2 Raf8 22. g3 Qa6 23. a3 g5 24. Qg4 Kh8 25. Rfe1 gxf4 26. Rxe6 Rxe6 27.
Qxe6 Qxe6 28. Rxe6 fxg3 29. hxg3 Rf2 30. Re8+ Kg7 31. Re7+ Rf7 32. Re2 Kf6 33.
Kg2 1/2-1/2

[Event "Cornwall op"]
[Site "Cornwall CAN"]
[Date "1996.10.27"]
[Round "5"]
[White "Marquez, Danilo"]
[Black "Hergott, Deen"]
[Result "0-1"]
[WhiteElo "2308"]
[BlackElo "2445"]
[PlyCount "58"]
[EventDate "1996.10.26"]
[EventType "swiss"]
[EventRounds "5"]
[EventCountry "CAN"]

1. d4 d6 2. Nf3 Bg4 3. c4 Nd7 4. Nc3 e5 5. h3 Bxf3 6. exf3 exd4 7. Qxd4 Ngf6 8.
Bd3 Nc5 9. Bc2 Be7 10. O-O c6 11. Be3 O-O 12. Rad1 Qa5 13. a3 Ne6 14. Qd3 g6
15. b4 Qc7 16. f4 Ng7 17. Bd4 Nfh5 18. Bxg7 Nxg7 19. Qf3 f5 20. Rd2 a5 21. b5
Bf6 22. bxc6 bxc6 23. Rfd1 Rad8 24. Ba4 Bxc3 25. Qxc3 Ne6 26. Qf3 c5 27. Bc6
Nd4 28. Qd5+ Kh8 29. Ba4 Qe7 0-1

[Event "Thanksgiving op"]
[Site "Toronto CAN"]
[Date "1996.10.12"]
[Round "2"]
[White "Hergott, Deen"]
[Black "Garel, Rick"]
[Result "1-0"]
[WhiteElo "2504"]
[BlackElo "1889"]
[PlyCount "29"]
[EventDate "1996.10.12"]
[EventType "swiss"]
[EventRounds "6"]
[EventCountry "CAN"]

1. d4 Nf6 2. c4 e5 3. dxe5 Ne4 4. a3 d6 5. g3 Nc6 6. Bg2 Bf5 7. Nd2 Nc5 8. b4
Nd4 9. Ra2 Nd7 10. exd6 Bxd6 11. Ngf3 Nxf3+ 12. Nxf3 Rb8 13. c5 Be7 14. Nd4 Bg6
15. c6 1-0

[Event "Thanksgiving op"]
[Site "Toronto CAN"]
[Date "1996.10.13"]
[Round "3"]
[White "Hergott, Deen"]
[Black "Khoudgarian, Natalia"]
[Result "1/2-1/2"]
[WhiteElo "2504"]
[BlackElo "2191"]
[PlyCount "40"]
[EventDate "1996.10.12"]
[EventType "swiss"]
[EventRounds "6"]
[EventCountry "CAN"]

1. d4 e6 2. e4 d5 3. Nc3 dxe4 4. Nxe4 Bd7 5. Nf3 Bc6 6. Ng3 Nd7 7. Bd3 Ngf6 8.
O-O Be7 9. c4 b6 10. Ne5 Nxe5 11. dxe5 Nd7 12. Qe2 Nxe5 13. Qxe5 Qxd3 14. Qxg7
Rf8 15. Be3 O-O-O 16. Rac1 Qg6 17. Qxg6 hxg6 18. Ne2 e5 19. Nc3 Rd3 20. Rfd1
Rxd1+ 1/2-1/2

[Event "Thanksgiving op"]
[Site "Toronto CAN"]
[Date "1996.10.13"]
[Round "4"]
[White "Peckford, William"]
[Black "Hergott, Deen"]
[Result "0-1"]
[WhiteElo "2304"]
[BlackElo "2504"]
[PlyCount "60"]
[EventDate "1996.10.12"]
[EventType "swiss"]
[EventRounds "6"]
[EventCountry "CAN"]

1. d4 d5 2. c4 e6 3. Nc3 dxc4 4. e4 c5 5. Nf3 cxd4 6. Qxd4 Qxd4 7. Nxd4 a6 8.
Bxc4 b5 9. Be2 Bb7 10. f3 Bc5 11. Nb3 Bb6 12. a4 b4 13. a5 Ba7 14. Na2 Nc6 15.
Bd2 f5 16. exf5 Nge7 17. Nxb4 Nxb4 18. Bxb4 Rc8 19. Bc3 Nxf5 20. Ra4 O-O 21.
Rb4 Rc7 22. Rc4 Rxc4 23. Bxc4 Kf7 24. Bd3 Nh4 25. Be4 Nxg2+ 26. Kd2 Rb8 27. Nd4
Bxe4 28. fxe4 Rd8 29. Rg1 Nh4 30. Rg4 Nf3+ 0-1

[Event "Thanksgiving op"]
[Site "Toronto CAN"]
[Date "1996.10.14"]
[Round "5"]
[White "Hergott, Deen"]
[Black "Spraggett, Grant"]
[Result "1/2-1/2"]
[WhiteElo "2504"]
[BlackElo "2403"]
[PlyCount "43"]
[EventDate "1996.10.12"]
[EventType "swiss"]
[EventRounds "6"]
[EventCountry "CAN"]

1. Nf3 Nf6 2. c4 g6 3. Nc3 Bg7 4. e4 d6 5. d4 O-O 6. Be2 e5 7. O-O Nc6 8. d5
Ne7 9. b4 Nh5 10. g3 f5 11. Ng5 Nf6 12. f3 Ne8 13. c5 a5 14. Qb3 h6 15. Ne6
Bxe6 16. dxe6 fxe4 17. fxe4 Rxf1+ 18. Kxf1 Nf6 19. cxd6 Qxd6 20. Ba3 axb4 21.
Bxb4 c5 22. Ba3 1/2-1/2

[Event "Thanksgiving op"]
[Site "Toronto CAN"]
[Date "1996.10.14"]
[Round "6"]
[White "Djerkovic, Miladin"]
[Black "Hergott, Deen"]
[Result "0-1"]
[WhiteElo "2326"]
[BlackElo "2504"]
[PlyCount "50"]
[EventDate "1996.10.12"]
[EventType "swiss"]
[EventRounds "6"]
[EventCountry "CAN"]

1. e4 c5 2. Nf3 Nc6 3. d4 cxd4 4. Nxd4 g6 5. Nc3 Bg7 6. Be3 Nf6 7. Bc4 O-O 8.
Bb3 a5 9. a4 Ng4 10. Qxg4 Nxd4 11. Qd1 Nxb3 12. cxb3 d6 13. O-O Be6 14. f4 f5
15. exf5 Rxf5 16. Bd4 Bxd4+ 17. Qxd4 Bxb3 18. g4 Rc5 19. Ne4 Rc4 20. Qe3 Rb4
21. Rf2 Qb6 22. Qf3 Rf8 23. f5 Bd5 24. Nf6+ Rxf6 25. Qxd5+ e6 0-1

[Event "Hamilton CC mem."]
[Site "Hamilton CAN"]
[Date "1996.??.??"]
[Round "?"]
[White "Hergott, Deen"]
[Black "O'Donnell, Tom"]
[Result "1-0"]
[WhiteElo "2511"]
[BlackElo "2422"]
[PlyCount "77"]
[EventDate "1996.09.20"]
[EventType "swiss"]
[EventRounds "5"]
[EventCountry "CAN"]

1. d4 d5 2. c4 c6 3. Nc3 e6 4. e3 Nf6 5. Nf3 Nbd7 6. Qc2 Bd6 7. Be2 O-O 8. O-O
b6 9. e4 dxe4 10. Nxe4 Nxe4 11. Qxe4 Bb7 12. b4 Re8 13. c5 Bf8 14. Bg5 Nf6 15.
Bxf6 gxf6 16. Bd3 f5 17. Qf4 Bg7 18. Rfe1 a5 19. g4 axb4 20. gxf5 Qf6 21. Qc7
Ra3 22. Qxb7 Rxd3 23. Qxc6 Rd8 24. cxb6 Qxf5 25. Re3 Bxd4 26. Nxd4 R3xd4 27. b7
Rg4+ 28. Rg3 Rxg3+ 29. hxg3 Qe5 30. Rc1 Kg7 31. Qc5 Qxc5 32. Rxc5 b3 33. axb3
Rb8 34. Rc7 h5 35. Kf1 Kg6 36. Ke2 f5 37. Kd3 f4 38. Ke4 fxg3 39. fxg3 1-0

[Event "Ottawa op"]
[Site "Ottawa CAN"]
[Date "1996.09.14"]
[Round "1"]
[White "Gordon, David"]
[Black "Hergott, Deen"]
[Result "0-1"]
[WhiteElo "2255"]
[BlackElo "2492"]
[PlyCount "57"]
[EventDate "1996.09.14"]
[EventType "swiss"]
[EventRounds "5"]
[EventCountry "CAN"]

1. d4 g6 2. e4 Bg7 3. c4 d6 4. Nc3 e5 5. Nge2 Nc6 6. Be3 Nh6 7. d5 Ne7 8. f3 f5
9. Qd2 Nf7 10. Nc1 Bd7 11. Nd3 c6 12. Be2 O-O 13. O-O Qb8 14. Rfd1 Rc8 15. Nc5
dxc5 16. d6 b6 17. dxe7 Rc7 18. f4 Qe8 19. exf5 Bxf5 20. fxe5 Qxe7 21. Bf4 Bxe5
22. Bf3 Rd8 23. Qc1 Rxd1+ 24. Bxd1 Qh4 25. g3 Bxf4 26. gxh4 Bxc1 27. Rxc1 Rd7
28. Bf3 Ne5 29. Kf2 0-1

[Event "Ottawa op"]
[Site "Ottawa CAN"]
[Date "1996.09.14"]
[Round "2"]
[White "Hergott, Deen"]
[Black "Awate, Avinash"]
[Result "1-0"]
[WhiteElo "2492"]
[BlackElo "2316"]
[PlyCount "87"]
[EventDate "1996.09.14"]
[EventType "swiss"]
[EventRounds "5"]
[EventCountry "CAN"]

1. d4 f5 2. Bg5 Nf6 3. Bxf6 exf6 4. e3 d5 5. Bd3 Be6 6. Qf3 Qd7 7. Ne2 Nc6 8.
a3 g5 9. Nd2 Bd6 10. Qh5+ Bf7 11. Qh3 Ne7 12. c4 c6 13. cxd5 Bxd5 14. Nc3 Be6
15. Qh5+ Ng6 16. d5 Bxd5 17. Nxd5 cxd5 18. g4 Qf7 19. gxf5 Ne5 20. Bb5+ Nc6 21.
Qxf7+ Kxf7 22. Nb3 a6 23. Be2 Be5 24. O-O-O Rac8 25. Kb1 Ne7 26. Bf3 Rcd8 27.
Rd2 b6 28. h3 Rd6 29. Rc1 Rhd8 30. Rc7 R6d7 31. Rc1 Nxf5 32. Bg4 Kg6 33. f4 Bb8
34. fxg5 h5 35. Bxf5+ Kxf5 36. Nd4+ Ke4 37. gxf6 Rf8 38. Rf1 Be5 39. Rdf2 Bxd4
40. exd4 Kxd4 41. f7 a5 42. Kc2 a4 43. Rf4+ Ke3 44. Kd1 1-0

[Event "Ottawa op"]
[Site "Ottawa CAN"]
[Date "1996.09.14"]
[Round "3"]
[White "Taylor, Gordon"]
[Black "Hergott, Deen"]
[Result "1/2-1/2"]
[WhiteElo "2395"]
[BlackElo "2492"]
[PlyCount "23"]
[EventDate "1996.09.14"]
[EventType "swiss"]
[EventRounds "5"]
[EventCountry "CAN"]

1. d4 e6 2. c4 Bb4+ 3. Bd2 Qe7 4. Nf3 Nf6 5. Nc3 b6 6. g3 Ba6 7. b3 O-O 8. Bg2
d5 9. Ne5 c6 10. O-O Rd8 11. cxd5 cxd5 12. Rc1 1/2-1/2

[Event "Ottawa op"]
[Site "Ottawa CAN"]
[Date "1996.09.15"]
[Round "4"]
[White "Hergott, Deen"]
[Black "Linskiy, Oleg"]
[Result "1/2-1/2"]
[WhiteElo "2492"]
[BlackElo "2398"]
[PlyCount "61"]
[EventDate "1996.09.14"]
[EventType "swiss"]
[EventRounds "5"]
[EventCountry "CAN"]

1. Nf3 Nf6 2. c4 g6 3. Nc3 Bg7 4. d4 d6 5. e4 O-O 6. Be2 e5 7. O-O Nc6 8. d5
Ne7 9. b4 a5 10. Ba3 axb4 11. Bxb4 Nd7 12. a4 Bh6 13. Nb5 f5 14. c5 Nxc5 15.
Bxc5 dxc5 16. Bc4 Kg7 17. Nxe5 c6 18. dxc6 Nxc6 19. Nxc6 bxc6 20. Nd6 fxe4 21.
Nxc8 Qxc8 22. Qd6 Qf5 23. Qxc6 Rad8 24. Rab1 Kh8 25. Qe6 Qxe6 26. Bxe6 Rd4 27.
a5 e3 28. Ra1 e2 29. Rfe1 Bd2 30. Rxe2 Bxa5 31. g3 1/2-1/2

[Event "Ottawa op"]
[Site "Ottawa CAN"]
[Date "1996.09.15"]
[Round "5"]
[White "Hergott, Deen"]
[Black "Djerkovic, Miladin"]
[Result "1-0"]
[WhiteElo "2492"]
[BlackElo "2331"]
[PlyCount "39"]
[EventDate "1996.09.14"]
[EventType "swiss"]
[EventRounds "5"]
[EventCountry "CAN"]

1. Nf3 g6 2. d4 Bg7 3. c4 Nf6 4. Nc3 d6 5. e4 O-O 6. Be2 e5 7. O-O Nc6 8. d5
Ne7 9. b4 c6 10. dxc6 bxc6 11. b5 d5 12. Ba3 Nxe4 13. Nxe4 dxe4 14. Ng5 Bd7 15.
bxc6 Nxc6 16. Bxf8 Qxg5 17. Qxd7 Nd4 18. Bxg7 Nxe2+ 19. Kh1 Rd8 20. Bh6 1-0

[Event "Labour Day op"]
[Site "Toronto CAN"]
[Date "1996.08.31"]
[Round "1"]
[White "Lamb, Bryan"]
[Black "Hergott, Deen"]
[Result "0-1"]
[WhiteElo "2200"]
[BlackElo "2482"]
[PlyCount "54"]
[EventDate "1996.08.31"]
[EventType "swiss"]
[EventRounds "6"]
[EventCountry "CAN"]

1. c4 b6 2. Nc3 Bb7 3. e4 e6 4. g3 f5 5. Bg2 Nf6 6. d3 Bb4 7. Bd2 O-O 8. Nge2
Na6 9. O-O Nc5 10. Qc2 fxe4 11. dxe4 Qe8 12. f3 e5 13. a3 Bxc3 14. Nxc3 Ne6 15.
Nd5 Nd4 16. Qd3 Qh5 17. Bc3 Nxd5 18. exd5 c5 19. Rae1 b5 20. Re4 bxc4 21. Qxc4
d6 22. f4 a5 23. fxe5 Rxf1+ 24. Qxf1 Rf8 25. Qd3 dxe5 26. Re1 Nf3+ 27. Bxf3
Rxf3 0-1

[Event "Labour Day op"]
[Site "Toronto CAN"]
[Date "1996.08.31"]
[Round "2"]
[White "Hergott, Deen"]
[Black "Jung, Hans"]
[Result "1-0"]
[WhiteElo "2482"]
[BlackElo "2310"]
[PlyCount "83"]
[EventDate "1996.08.31"]
[EventType "swiss"]
[EventRounds "6"]
[EventCountry "CAN"]

1. d4 d5 2. c4 Nc6 3. e3 e5 4. dxe5 d4 5. a3 Bf5 6. Nf3 dxe3 7. Qxd8+ Rxd8 8.
Bxe3 Bxb1 9. Rxb1 Nge7 10. g3 Ng6 11. e6 fxe6 12. Bh3 e5 13. Ng5 Nd4 14. Bxd4
Rxd4 15. Rc1 Rd3 16. Bf5 Rb3 17. O-O Be7 18. Ne6 Kf7 19. Nxc7 Rxb2 20. Be6+ Kf6
21. Bh3 Bxa3 22. c5 Rd8 23. c6 Rb6 24. Ne6 Rc8 25. Rc3 Bb2 26. Rf3+ Ke7 27.
cxb7 Rxb7 28. Nxg7 Rc3 29. Nf5+ Kf6 30. Rxc3 Bxc3 31. Nd6 Rb3 32. Ne4+ Kg7 33.
Rc1 Bd4 34. Rc7+ Kh6 35. Bf5 Rb8 36. h4 Re8 37. Nf6 Rh8 38. Ng4+ Kh5 39. Nf6+
Kh6 40. Bd3 Nf8 41. g4 Ne6 42. Ng8+ 1-0

[Event "Labour Day op"]
[Site "Toronto CAN"]
[Date "1996.09.01"]
[Round "3"]
[White "Johnstone, Glenn"]
[Black "Hergott, Deen"]
[Result "1/2-1/2"]
[WhiteElo "2368"]
[BlackElo "2482"]
[PlyCount "23"]
[EventDate "1996.08.31"]
[EventType "swiss"]
[EventRounds "6"]
[EventCountry "CAN"]

1. e4 g6 2. Nf3 Bg7 3. Bc4 c6 4. Nc3 d6 5. a4 Nf6 6. d4 O-O 7. O-O d5 8. Bd3
dxe4 9. Nxe4 Nxe4 10. Bxe4 Nd7 11. Bg5 c5 12. dxc5 1/2-1/2

[Event "Labour Day op"]
[Site "Toronto CAN"]
[Date "1996.09.01"]
[Round "4"]
[White "Hergott, Deen"]
[Black "Spraggett, Grant"]
[Result "1-0"]
[WhiteElo "2482"]
[BlackElo "2411"]
[PlyCount "59"]
[EventDate "1996.08.31"]
[EventType "swiss"]
[EventRounds "6"]
[EventCountry "CAN"]

1. d4 Nf6 2. Bg5 c5 3. Bxf6 gxf6 4. d5 Qb6 5. Qc1 f5 6. e3 Bg7 7. c3 Na6 8. Ne2
Nc7 9. Nf4 Be5 10. Nd3 Qd6 11. c4 b6 12. Nxe5 Qxe5 13. f4 Qg7 14. Nc3 d6 15.
Qc2 Bd7 16. Bd3 Qf6 17. O-O h5 18. Kh1 h4 19. Rae1 O-O-O 20. e4 fxe4 21. Nxe4
Qg7 22. a3 Rdg8 23. Rf2 Rh6 24. b4 Kb8 25. bxc5 dxc5 26. Qb2 Kc8 27. Qxg7 Rxg7
28. f5 f6 29. d6 Bc6 30. dxc7 1-0

[Event "Labour Day op"]
[Site "Toronto CAN"]
[Date "1996.09.02"]
[Round "5"]
[White "Spraggett, Kevin"]
[Black "Hergott, Deen"]
[Result "1-0"]
[WhiteElo "2617"]
[BlackElo "2482"]
[PlyCount "65"]
[EventDate "1996.08.31"]
[EventType "swiss"]
[EventRounds "6"]
[EventCountry "CAN"]

1. e4 e6 2. d4 d5 3. Nc3 Nf6 4. Bg5 Bb4 5. e5 h6 6. Bd2 Bxc3 7. bxc3 Ne4 8. Qg4
g6 9. Bd3 Nxd2 10. Kxd2 c5 11. Qf4 Nc6 12. Nf3 g5 13. Qg4 Qa5 14. h4 Bd7 15.
hxg5 O-O-O 16. gxh6 cxd4 17. Qf4 Qxc3+ 18. Ke2 f5 19. Rab1 Rdg8 20. Ng5 Nd8 21.
g4 fxg4 22. h7 Rf8 23. Qxg4 Qc5 24. f4 a6 25. Rb3 Kb8 26. Rh6 Ka7 27. Kf3 Qe7
28. Kg3 Bc8 29. Rh1 Nc6 30. Qe2 Na5 31. Rbb1 Bd7 32. Rh6 Nc6 33. Qh5 1-0

[Event "Labour Day op"]
[Site "Toronto CAN"]
[Date "1996.09.02"]
[Round "6"]
[White "Hergott, Deen"]
[Black "Campbell, Brett"]
[Result "1-0"]
[WhiteElo "2482"]
[BlackElo "2303"]
[PlyCount "101"]
[EventDate "1996.08.31"]
[EventType "swiss"]
[EventRounds "6"]
[EventCountry "CAN"]

1. c4 Nf6 2. Nc3 d6 3. Nf3 g6 4. d4 Bg7 5. e4 O-O 6. Be2 e5 7. O-O Nc6 8. d5
Ne7 9. b4 Ne8 10. c5 f5 11. Ng5 Nf6 12. cxd6 cxd6 13. b5 h6 14. Ne6 Bxe6 15.
dxe6 fxe4 16. Ba3 Nf5 17. Nd5 Re8 18. Rc1 Nxd5 19. Qxd5 Qe7 20. Qxe4 d5 21.
Bxe7 dxe4 22. Ba3 Bf8 23. Bb2 Nd4 24. Bc4 Bg7 25. Rfe1 Nxe6 26. Rxe4 Kh8 27.
Bxe5 Nc5 28. Bxg7+ Kxg7 29. Rxe8 Rxe8 30. Kf1 b6 31. Re1 Rxe1+ 32. Kxe1 g5 33.
Ke2 Kf6 34. Ke3 Ke5 35. g3 g4 36. Be2 Kf5 37. Kd4 Ne6+ 38. Kd5 h5 39. Bd3+ Kf6
40. Kc6 Ke5 41. Bc4 Nd4+ 42. Kb7 Kd6 43. a4 Nf3 44. Kxa7 Kc5 45. Bf7 h4 46.
gxh4 Nxh4 47. a5 Nf5 48. axb6 Nd6 49. b7 Nxb7 50. Kxb7 Kxb5 51. Be6 1-0

[Event "CAN-ch"]
[Site "Toronto CAN"]
[Date "1996.08.14"]
[Round "1"]
[White "Hergott, Deen"]
[Black "Spraggett, Kevin"]
[Result "1/2-1/2"]
[WhiteElo "2445"]
[BlackElo "2530"]
[PlyCount "33"]
[EventDate "1996.08.14"]
[EventType "tourn"]
[EventRounds "15"]
[EventCountry "CAN"]
[EventCategory "4"]

1. d4 f5 2. Bg5 g6 3. e3 Bg7 4. h4 h6 5. Bf4 Nf6 6. Nc3 d6 7. Nh3 e6 8. Bh2 O-O
9. Nf4 Qe8 10. Be2 e5 11. dxe5 dxe5 12. Nfd5 Nxd5 13. Qxd5+ Kh8 14. O-O-O a6
15. f4 Nc6 16. Bc4 Qe7 17. h5 1/2-1/2

[Event "CAN-ch"]
[Site "Toronto CAN"]
[Date "1996.08.15"]
[Round "2"]
[White "Baragar, Fletcher"]
[Black "Hergott, Deen"]
[Result "1-0"]
[WhiteElo "2305"]
[BlackElo "2445"]
[PlyCount "109"]
[EventDate "1996.08.14"]
[EventType "tourn"]
[EventRounds "15"]
[EventCountry "CAN"]
[EventCategory "4"]
[Source "CFC"]
[SourceDate "2002.12.??"]

1. d4 e6 2. c4 Bb4+ 3. Bd2 Qe7 4. Nf3 Nf6 5. g3 Nc6 6. Bg2 Bxd2+ 7. Nbxd2 d6 8.
O-O a5 9. e4 e5 10. d5 Nb8 11. Ne1 O-O 12. Nd3 Bg4 13. f3 Bd7 14. Re1 Na6 15.
Nf1 c6 16. Ne3 cxd5 17. cxd5 Rfc8 18. Qd2 Qd8 19. Nf2 Qb6 20. Rec1 Rc5 21. Rxc5
Nxc5 22. Rc1 Qb4 23. Nc4 Qxd2 24. Nxd2 b5 25. Bf1 Ne8 26. Nd3 Nxd3 27. Bxd3 Kf8
28. Kf2 Ke7 29. Ke3 Kd8 30. b3 Ra7 31. Nb1 Nc7 32. Na3 Rb7 33. Nc2 b4 34. Kd2
Bb5 35. Ne3 Bxd3 36. Kxd3 Nb5 37. Rc6 Ra7 38. Nc4 Ke7 39. Rb6 Nd4 40. Nxd6 Kd7
41. Nb5 Nxb5 42. Rxb5 Rc7 43. Rxa5 Rc3+ 44. Ke2 g5 45. Ra4 Rc2+ 46. Ke3 Rxh2
47. Rxb4 Rxa2 48. Rb7+ Kd6 49. Rxf7 Rb2 50. g4 Rxb3+ 51. Kf2 Rb2+ 52. Kg3 Rb8
53. Rxh7 Rg8 54. Kf2 Kc5 55. Ke3 1-0

[Event "CAN-ch"]
[Site "Toronto CAN"]
[Date "1996.08.17"]
[Round "4"]
[White "Gravel, Simon M"]
[Black "Hergott, Deen"]
[Result "0-1"]
[WhiteElo "2452"]
[BlackElo "2445"]
[PlyCount "90"]
[EventDate "1996.08.14"]
[EventType "tourn"]
[EventRounds "15"]
[EventCountry "CAN"]
[EventCategory "4"]
[Source "CFC"]
[SourceDate "2002.12.??"]

1. e4 g6 2. d4 Bg7 3. Nf3 c5 4. c3 cxd4 5. cxd4 d5 6. e5 Nc6 7. Nc3 Bg4 8. Be2
Bxf3 9. Bxf3 e6 10. O-O Qb6 11. Be3 Nge7 12. Na4 Qd8 13. Nc5 Rb8 14. b4 O-O 15.
Qd2 Nf5 16. a3 b6 17. Nb3 f6 18. Rac1 Qd7 19. exf6 Bxf6 20. Rfe1 Rbc8 21. Bg4
Nce7 22. Qd3 Rxc1 23. Rxc1 Rc8 24. g3 Rxc1+ 25. Nxc1 Qc6 26. Qd2 Bxd4 27. Bxd4
Nxd4 28. Qxd4 Qxc1+ 29. Kg2 Nf5 30. Bxf5 gxf5 31. Qf6 Qc6 32. Qg5+ Kf7 33. Qh5+
Kg7 34. Qg5+ Kf7 35. Qh5+ Kf8 36. Qxh7 d4+ 37. f3 Qc2+ 38. Kh3 d3 39. Qh8+ Kf7
40. Qd8 d2 41. Qd7+ Kf6 42. Qd4+ Ke7 43. Qg7+ Kd6 44. Qf8+ Kd5 45. Qd8+ Kc4 0-1

[Event "CAN-ch"]
[Site "Toronto CAN"]
[Date "1996.08.18"]
[Round "5"]
[White "Hergott, Deen"]
[Black "Leveille, Francois"]
[Result "1/2-1/2"]
[WhiteElo "2445"]
[BlackElo "2350"]
[PlyCount "113"]
[EventDate "1996.08.14"]
[EventType "tourn"]
[EventRounds "15"]
[EventCountry "CAN"]
[EventCategory "4"]
[Source "CFC"]
[SourceDate "2002.12.??"]

1. d4 d5 2. Nf3 Nf6 3. c4 dxc4 4. Nc3 e6 5. e4 Bb4 6. Bg5 c5 7. Bxc4 cxd4 8.
Nxd4 Bxc3+ 9. bxc3 Qa5 10. Bxf6 Qxc3+ 11. Kf1 gxf6 12. Rc1 Qa5 13. h4 Nc6 14.
Nxc6 bxc6 15. Qd6 Bb7 16. Rb1 Rd8 17. Qf4 Ba6 18. Bxa6 Qxa6+ 19. Kg1 Qd3 20.
Rb7 Qd4 21. Rh3 Rg8 22. Qc7 Qd1+ 23. Kh2 Qd6+ 24. Qxd6 Rxd6 25. Ra3 Rd7 26.
Rb8+ Rd8 27. Rxd8+ Kxd8 28. Rxa7 Rg4 29. Kh3 Rxe4 30. Rxf7 Rf4 31. Kg3 e5 32.
Rxh7 c5 33. Ra7 Ke8 34. h5 Kf8 35. a4 c4 36. Rc7 c3 37. a5 Ra4 38. Rxc3 Rxa5
39. Rc7 Ra4 40. f3 Kg8 41. h6 Rb4 42. Rg7+ Kh8 43. Rf7 Rf4 44. h7 Rf5 45. Kh4
e4 46. fxe4 Re5 47. g3 f5 48. Rxf5 Rxe4+ 49. Kg5 Kxh7 50. Rf7+ Kg8 51. Ra7 Re6
52. g4 Rb6 53. Kh5 Rc6 54. g5 Rb6 55. g6 Rb1 56. Kh6 Rh1+ 57. Kg5 1/2-1/2

[Event "CAN-ch"]
[Site "Toronto CAN"]
[Date "1996.08.19"]
[Round "6"]
[White "Horton, Joe"]
[Black "Hergott, Deen"]
[Result "0-1"]
[WhiteElo "2325"]
[BlackElo "2445"]
[PlyCount "62"]
[EventDate "1996.08.14"]
[EventType "tourn"]
[EventRounds "15"]
[EventCountry "CAN"]
[EventCategory "4"]

1. g3 d5 2. Bg2 e5 3. c4 c6 4. b3 dxc4 5. bxc4 Qd4 6. Nc3 Qxc4 7. Nf3 f6 8. O-O
Bb4 9. Bb2 Ne7 10. d3 Qf7 11. Ne4 Nd5 12. d4 exd4 13. Qxd4 O-O 14. Rad1 Na6 15.
a3 Be7 16. Rd3 Be6 17. Rfd1 Nb6 18. Nd6 Bxd6 19. Qxd6 Nc4 20. Qd4 Nc5 21. Re3
Nxe3 22. Qxe3 Na4 23. Ba1 Rad8 24. Rc1 c5 25. Qf4 Nb6 26. h4 Nd5 27. Qa4 Qe8
28. Qxa7 b6 29. Qa6 Bf7 30. g4 Ra8 31. Qd3 Nf4 0-1

[Event "CAN-ch"]
[Site "Toronto CAN"]
[Date "1996.08.20"]
[Round "7"]
[White "Hergott, Deen"]
[Black "Teodoro, Eduardo"]
[Result "1-0"]
[WhiteElo "2445"]
[BlackElo "2290"]
[PlyCount "69"]
[EventDate "1996.08.14"]
[EventType "tourn"]
[EventRounds "15"]
[EventCountry "CAN"]
[EventCategory "4"]
[Source "CFC"]
[SourceDate "2002.12.??"]

1. Nf3 Nf6 2. c4 b6 3. g3 Bb7 4. Bg2 e6 5. O-O d5 6. cxd5 Bxd5 7. Nc3 Bb7 8. d4
Be7 9. Qa4+ Bc6 10. Qc2 O-O 11. e4 Bb7 12. Rd1 Nbd7 13. Bf4 c6 14. Rac1 a5 15.
h4 h6 16. Nh2 Rc8 17. Qe2 b5 18. e5 Nd5 19. Nxd5 exd5 20. Bh3 Kh8 21. Qh5 f5
22. Bxf5 Nb6 23. Bb1 Rxf4 24. gxf4 Bxh4 25. Ng4 Rc7 26. Rc3 Bc8 27. Rh3 Bxg4
28. Qxg4 g5 29. fxg5 hxg5 30. f4 Rg7 31. f5 Qd7 32. Kg2 Kg8 33. Kf3 c5 34. f6
Qf7 35. Bf5 1-0